[Event "HUN-chT2 Toth 0910"]
[Site "Hungary"]
[Date "2010.02.14"]
[Round "6.5"]
[White "Balog, Imre"]
[Black "Egyed, Zsolt"]
[Result "1/2-1/2"]
[WhiteElo "1999"]
[BlackElo "2087"]
[PlyCount "108"]
[EventDate "2009.11.08"]
[EventType "team-tourn"]
[EventRounds "11"]
[EventCountry "HUN"]
[SourceTitle "EXT 2011"]
[Source "ChessBase"]
[SourceDate "2010.11.26"]
[SourceVersion "1"]
[SourceVersionDate "2010.11.26"]
[SourceQuality "1"]
[WhiteTeam "Mezobereny"]
[BlackTeam "Karcag"]
[WhiteTeamCountry "HUN"]
[BlackTeamCountry "HUN"]

1. d4 g6 2. Nf3 Bg7 3. g3 Nf6 4. Bg2 0-0 5. 0-0 d6 6. c4 Na6 7. Nc3 c5 8. e3 Rb8 9. Nb5 Bd7 10. Bd2 Bxb5 11. cxb5 Nc7 12. a4 b6 13. b4 Ne4 14. bxc5 dxc5 15. Qc2 Nxd2 16. Qxd2 cxd4 17. exd4 Ne6 18. Rfd1 Qd6 19. Bh3 Rfd8 20. Bxe6 Qxe6 21. Qe3 Qd5 22. Ne5 Bxe5 23. Qxe5 Rb7 24. Rac1 Rbd7 25. Qxd5 Rxd5 26. Rc7 R8d7 27. Rxd7 Rxd7 28. f4 f6 29. Kf2 Kf7 30. Ke3 Ke6 31. Rc1 Kd6 32. Rc6+ Kd5 33. g4 Rb7 34. Rc8 Kd6 35. Rc6+ Kd5 36. h4 e6 37. Rc8 Kd6 38. Rd8+ Rd7 39. Rf8 Ke7 40. Rh8 Kd6 41. h5 Kd5 42. h6 Kc4 43. Rg8 Kd5 44. Rg7 Kd6 45. f5 gxf5 46. gxf5 exf5 47. Kf4 Ke6 48. Rxd7 Kxd7 49. Kxf5 Ke7 50. d5 Kd6 51. Kxf6 Kxd5 52. Kg7 Ke6 53. Kh8 Kf6 54. Kxh7 Kf7 1/2-1/2

[Event "HUN-chT2 Toth 0910"]
[Site "Hungary"]
[Date "2009.12.06"]
[Round "3.6"]
[White "Balog, Imre"]
[Black "Szili, Istvan"]
[Result "1-0"]
[WhiteElo "1999"]
[BlackElo "2041"]
[PlyCount "101"]
[EventDate "2009.11.08"]
[EventType "team-tourn"]
[EventRounds "11"]
[EventCountry "HUN"]
[SourceTitle "EXT 2011"]
[Source "ChessBase"]
[SourceDate "2010.11.26"]
[SourceVersion "1"]
[SourceVersionDate "2010.11.26"]
[SourceQuality "1"]
[WhiteTeam "Mezobereny"]
[BlackTeam "Takisz"]
[WhiteTeamCountry "HUN"]
[BlackTeamCountry "HUN"]

1. d4 e6 2. Nf3 Nf6 3. g3 Be7 4. Bg2 0-0 5. 0-0 d5 6. c4 c6 7. b3 Nbd7 8. Nc3 Bb4 9. Bd2 b6 10. Nxd5 Nxd5 11. cxd5 Bxd2 12. dxe6 fxe6 13. Qxd2 Bb7 14. Rac1 h6 15. Nh4 Rc8 16. Ng6 Rf6 17. Nf4 e5 18. dxe5 Nxe5 19. Qc3 Qe7 20. Nd3 Nxd3 21. Qxd3 Rd8 22. Qc4+ Qe6 23. Qc2 Ba6 24. Qxc6 Qxc6 25. Bxc6 Bxe2 26. Rfe1 Rd2 27. a4 Bh5 28. f4 Rfd6 29. Be4 Bg4 30. Rc3 Rd1 31. Rce3 R6d2 32. Bg6 Rxe1+ 33. Rxe1 Rd1 34. Kf1 Kf8 35. Be4 Ke7 36. Bc2+ Rxe1+ 37. Kxe1 Kd6 38. Kd2 Kc5 39. Kc3 a5 40. Be4 Be6 41. Bg2 g5 42. fxg5 hxg5 43. h4 gxh4 44. gxh4 Bg4 45. Be4 Bh5 46. Bh7 b5 47. axb5 Kxb5 48. Bd3+ Kc5 49. Bc4 Bg6 50. Be2 Kd5 51. h5 1-0

[Event "HUN-chT2 Toth 0809"]
[Site "Hungary"]
[Date "2009.02.08"]
[Round "7.3"]
[White "Balog, Imre"]
[Black "Kerekes, Attila"]
[Result "1/2-1/2"]
[WhiteElo "1999"]
[BlackElo "2175"]
[PlyCount "86"]
[EventDate "2008.10.26"]
[EventType "team-tourn"]
[EventRounds "11"]
[EventCountry "HUN"]
[SourceTitle "EXT 2010"]
[Source "ChessBase"]
[SourceDate "2010.11.25"]
[SourceVersion "1"]
[SourceVersionDate "2010.11.25"]
[SourceQuality "1"]
[WhiteTeam "Mezobereny"]
[BlackTeam "Bekes"]
[WhiteTeamCountry "HUN"]
[BlackTeamCountry "HUN"]

1. Nf3 c5 2. b3 Nc6 3. Bb2 d5 4. d4 cxd4 5. Nxd4 Nf6 6. Nxc6 bxc6 7. Bxf6 gxf6 8. g3 Bg7 9. Nd2 f5 10. Rb1 Qa5 11. a4 Bc3 12. e3 0-0 13. Qe2 Bb7 14. Rd1 Rad8 15. f3 d4 16. e4 fxe4 17. Qxe4 Rd5 18. Qg4+ Kh8 19. Qf4 Ba6 20. Kf2 d3 21. cxd3 Bxd3 22. Bxd3 Rxd3 23. Nc4 Qd5 24. Rxd3 Qxd3 25. Qe4 Qxe4 26. fxe4 Rb8 27. Rb1 Kg7 28. Ke3 c5 29. Kd3 Bb4 30. Rf1 Rd8+ 31. Ke3 Bc3 32. Rc1 Bd4+ 33. Ke2 Kf6 34. Rd1 Rb8 35. Rd3 Ke6 36. Kd2 f5 37. exf5+ Kxf5 38. h3 e5 39. Rf3+ Ke6 40. Na5 e4 41. Rf4 Kd5 42. Rf5+ Ke6 43. Rf4 Kd5 1/2-1/2

[Event "HUN-chT2 Toth 0809"]
[Site "Hungary"]
[Date "2008.10.26"]
[Round "1.3"]
[White "Balog, Imre"]
[Black "Sakic, Lorand"]
[Result "1/2-1/2"]
[WhiteElo "1999"]
[BlackElo "2020"]
[PlyCount "77"]
[EventDate "2008.10.26"]
[EventType "team-tourn"]
[EventRounds "11"]
[EventCountry "HUN"]
[SourceTitle "EXT 2010"]
[Source "ChessBase"]
[SourceDate "2010.11.25"]
[SourceVersion "1"]
[SourceVersionDate "2010.11.25"]
[SourceQuality "1"]
[WhiteTeam "Mezobereny"]
[BlackTeam "Szentes"]
[WhiteTeamCountry "HUN"]
[BlackTeamCountry "HUN"]

1. d4 d5 2. Nf3 Nf6 3. g3 Bf5 4. Bg2 e6 5. 0-0 Be7 6. c4 0-0 7. cxd5 exd5 8. Nc3 c6 9. Bg5 Nbd7 10. e3 Ne4 11. Bxe7 Qxe7 12. Nxe4 Bxe4 13. a3 Nb6 14. Nd2 Bxg2 15. Kxg2 Nc8 16. Rc1 Nd6 17. b4 a5 18. Ra1 Ra7 19. Nb3 axb4 20. axb4 Rfa8 21. Rxa7 Rxa7 22. Na5 Ne4 23. Qg4 g6 24. Rb1 Ra8 25. Rb2 Kg7 26. h4 h5 27. Qe2 Ra6 28. Nb3 Ra3 29. Nc5 Ra1 30. Qc2 Nd6 31. Rb1 Ra3 32. Kg1 Nc4 33. Qe2 b6 34. Nd3 Qe4 35. Rd1 Rb3 36. Qc2 Rb2 37. Qc1 Rb3 38. Qc2 Rb2 39. Qc1 1/2-1/2

[Event "HUN-chT2 Toth 0405"]
[Site "Hungary"]
[Date "2005.04.10"]
[Round "10"]
[White "Balog, Imre"]
[Black "Csibor, Andras"]
[Result "0-1"]
[WhiteElo "2041"]
[BlackElo "2090"]
[PlyCount "84"]
[EventDate "2004.09.26"]
[EventType "team"]
[EventRounds "11"]
[EventCountry "HUN"]
[SourceTitle "EXT 2009"]
[Source "ChessBase"]
[SourceDate "2008.11.26"]
[SourceVersion "1"]
[SourceVersionDate "2008.11.26"]
[SourceQuality "1"]
[WhiteTeam "Bekes"]
[BlackTeam "Mako II"]
[WhiteTeamCountry "HUN"]
[BlackTeamCountry "HUN"]

1. d4 d5 2. c4 e6 3. Nf3 Nf6 4. g3 c6 5. Bg2 Bb4+ 6. Bd2 Qa5 7. a3 Bxd2+ 8. Nbxd2 dxc4 9. 0-0 b5 10. a4 Qc7 11. Ne5 Bb7 12. b3 c3 13. Ndf3 b4 14. a5 Na6 15. Nd3 Rd8 16. Qc1 0-0 17. Ra4 Qe7 18. e3 c5 19. Nde5 Bd5 20. Qc2 Ne4 21. Nc4 Nd6 22. Nce5 f6 23. Nd3 Ne4 24. Rd1 cxd4 25. Nxd4 Rb8 26. Nf4 Nac5 27. Nxd5 exd5 28. Nc6 Qc7 29. Bxe4 dxe4 30. Nxb8 Nxa4 31. Nd7 Rd8 32. Qxe4 c2 33. Rc1 Qxd7 34. Qxc2 Nc3 35. Rf1 Qd3 36. Qb2 Qd2 37. Qa1 Qe2 38. Kg2 Rd1 39. Rxd1 Nxd1 40. Qa4 Qxf2+ 41. Kh3 Qf5+ 42. Kh4 g5+ 0-1